• 首页
  • 本馆介绍
  • 公告通知
  • 最新文献
  • 馆藏检索
  • 电子资源
  • 读者导购
  • 参考咨询
  • 我的图书馆
  • 登录
  • 详细信息显示
  • 放入我的书架
  • 预约/预借图书
  • 作者相关作品
  • 分类相关作品
  • 丛书相关作品
  • 出版社相关作品

书目信息

  • 表格格式
  • 工作单格式
  • 卡片格式
题名:
日本文化概况
    
 
作者: 王勇 著
分册:  
出版信息: 北京   高等教育出版社  2001
页数: 424页
开本: 20cm
丛书名:
单 册:
中图分类: G131.3
科图分类:
主题词: 文化事业--基本建设 , 文化事业--概况--世界
电子资源:
ISBN: 7-04-007789-2
000 00631nam0 2200205 450
001 0755227312
005 20070828152027.31
010    @a7-04-007789-2@d¥21.00
100    @a20070828d km y0chiy0120 ea
101 0  @achi
200 1  @a日本文化概况@Ari ben wen hua gai kuang@e模仿与创新的轨迹@f王勇 著@Fwang yong zhu
210    @a北京@c高等教育出版社@d2001
215    @a424页@d20cm
517 1  @a模仿与创新的轨迹@Amo fang yu chuang xin de gui ji
606 0  @a文化事业@x基本建设
606 0  @a文化事业@x概况@x世界
690    @aG131.3@v3
701  0 @a王勇@Awang yong@4著
801  0 @aCN@bPFT@c20070828
905    @a213230@dG131.3@eW1@f1
    
    日本文化概况:模仿与创新的轨迹/王勇 著.-北京:高等教育出版社,2001
    424页;20cm
    
    
    ISBN 7-04-007789-2:¥21.00
    
●
相关链接 在E读中查询图书 在五车中查询图书 在当当中查询图书 在豆瓣中查询图书


正题名:日本文化概况     索取号:G131.3/W1         预约/预借

序号 登录号 条形码 馆藏地/架位号 状态 备注
1 0708498   207084983   外语系资料室/ [索取号:G131.3/W1] 在馆    
2 0708499   207084992   密集书库—外国语学院/ [索取号:G131.3/W1] 在馆    
唐山师范学院图书馆 欢迎您!
大连网信软件有限公司© 版权所有